000 00424nam a22001577a 4500
999 _c3766
_d3766
008 200629b ||||| |||| 00| 0 eng d
020 _a0070038805
082 0 0 _a001.64
_bB2833
100 _92386
_aBartee, Thomas C.
245 1 0 _aIntroduction to computer science /
_cby Thomas C. Bartee
250 _a1st ed.
260 _aLondon
_bMcGraw-Hill
_c1981
300 _axi, 404 p.
650 0 _aComputer programming
942 _cBK